What is chemistry? / (Record no. 31793)
[ view plain ]
| 000 -LEADER | |
|---|---|
| fixed length control field | 01857nam a2200325 a 4500 |
| 001 - CONTROL NUMBER | |
| control field | 31793 |
| 003 - CONTROL NUMBER IDENTIFIER | |
| rucl marc code | BD-RjUL |
| 005 - DATE AND TIME OF LATEST TRANSACTION | |
| control field | 20211209051741.0 |
| 008 - FIXED-LENGTH DATA ELEMENTS--GENERAL INFORMATION | |
| fixed length control field | 141231s2013 enka 001 0 eng d |
| 020 ## - INTERNATIONAL STANDARD BOOK NUMBER | |
| International Standard Book Number | 9780199683987 (hc.) |
| International Standard Book Number | 0199683980 (hc.) |
| 035 ## - SYSTEM CONTROL NUMBER | |
| System control number | (OCoLC)ocn841671986 |
| -- | (BD-RjUL)31881 |
| 040 ## - CATALOGING SOURCE | |
| Original cataloging agency | UKMGB |
| Language of cataloging | eng |
| Transcribing agency | UKMGB |
| Description conventions | rda |
| Modifying agency | OCLCO |
| -- | BDX |
| -- | YDXCP |
| -- | JAI |
| -- | CEF |
| -- | SINLB |
| -- | OCP |
| -- | NHA |
| -- | ORX |
| -- | DEBSZ |
| -- | VP@ |
| -- | ABG |
| -- | OCLCF |
| -- | DLC |
| -- | BD-RjUL |
| 041 ## - LANGUAGE CODE | |
| Language code of text/sound track or separate title | eng |
| 082 04 - DEWEY DECIMAL CLASSIFICATION NUMBER | |
| Classification number | 540 |
| Edition number | 23 |
| Author mark and year | ATW 2013 |
| 100 1# - MAIN ENTRY--PERSONAL NAME | |
| Personal name | Atkins, P. W. |
| Fuller form of name | (Peter William), |
| Dates associated with a name | 1940- |
| 9 (RLIN) | 114724 |
| 245 10 - TITLE STATEMENT | |
| Title | What is chemistry? / |
| Statement of responsibility, etc. | Peter Atkins. |
| 250 ## - EDITION STATEMENT | |
| Edition statement | First edition. |
| 260 ## - PUBLICATION, DISTRIBUTION, ETC. (IMPRINT) | |
| Place of publication, distribution, etc. | Oxford, United Kingdom : |
| Name of publisher, distributor, etc. | Oxford University Press, |
| Date of publication, distribution, etc. | c2013. |
| 300 ## - PHYSICAL DESCRIPTION | |
| Pagination | viii, 122 pages. : |
| Illustrations | illustrations ; |
| Size | 21 cm |
| 500 ## - GENERAL NOTE | |
| General note | Includes index. |
| 505 0# - FORMATTED CONTENTS NOTE | |
| Formatted contents note | Its origins, scope, and organization -- Its principles : atoms and molecules -- Its principles : energy and entropy -- Its reactions -- Its techniques -- Its achievements -- Its future -- Periodic table. |
| 520 ## - SUMMARY, ETC. | |
| Summary, etc. | Most people remember chemistry from their schooldays as a subject that was largely incomprehensible, fact-rich but understanding-poor, smelly, and so far removed from the real world of events and pleasures that there seemed little point, except for the most introverted, in coming to terms with its grubby concepts, spells, recipes, and rules. Peter Atkins wants to change all that. In What is Chemistry? he encourages us to look at chemistry anew, through a chemist's eyes, to understand its central concepts and to see how it contributes not only towards our material comfort, but also to human culture -- |
| 650 #0 - SUBJECT ADDED ENTRY--TOPICAL TERM | |
| Topical term or geographic name as entry element | Chemistry |
| Form subdivision | Popular works. |
| 9 (RLIN) | 114725 |
| Topical term or geographic name as entry element | Chemistry. |
| Source of heading or term | fast |
| 9 (RLIN) | 114726 |
| 942 ## - ADDED ENTRY ELEMENTS (KOHA) | |
| Source of classification or shelving scheme | Dewey Decimal Classification |
| Koha item type | Books |
| Lost status | Source of classification or shelving scheme | Damaged status | Not for loan | Permanent Location | Current Location | Shelving location | Date acquired | Source of acquisition | Cost, normal purchase price | Total Checkouts | Full call number | Date last seen | Copy number | Koha item type |
|---|---|---|---|---|---|---|---|---|---|---|---|---|---|---|
| Dewey Decimal Classification | Not For Loan | Central Library, University of Rajshahi | Central Library, University of Rajshahi | Reading Room | 23/07/2014 | Baatighar, Chittagong | 940.50 | 540 ATW 2013 | 31/12/2014 | C-1 | Books |